Los chibchas : (Registro nro. 3401)
[ vista simple ]
| 000 -LEADER | |
|---|---|
| fixed length control field | 01019nam a2200229Ia 4500 |
| 003 - CONTROL NUMBER IDENTIFIER | |
| control field | OSt |
| 005 - DATE AND TIME OF LATEST TRANSACTION | |
| control field | 20201013175208.0 |
| 008 - FIXED-LENGTH DATA ELEMENTS--GENERAL INFORMATION | |
| fixed length control field | 191128s1964 ck gr 000 0 spa d |
| 040 ## - CATALOGING SOURCE | |
| Original cataloging agency | CO-JMCR |
| Transcribing agency | CO-JMCR |
| 041 0# - LANGUAGE CODE | |
| Language code of text/sound track or separate title | spa |
| 082 04 - DEWEY DECIMAL CLASSIFICATION NUMBER | |
| Classification number | 986.01 / |
| Item number | B863c |
| Edition number | 23 |
| 100 1# - MAIN ENTRY--PERSONAL NAME | |
| Personal name | Broadbent, Sylvia M., |
| Relator term | autora |
| 9 (RLIN) | 11455 |
| 245 14 - TITLE STATEMENT | |
| Title | Los chibchas : |
| Remainder of title | organización socio-política / |
| Statement of responsibility, etc. | Sylvia M. Broadbent |
| 260 ## - PUBLICATION, DISTRIBUTION, ETC. | |
| Place of publication, distribution, etc. | Bogotá : |
| Name of publisher, distributor, etc. | Universidad Nacional de Colombia. Facultad de Sociología, |
| Date of publication, distribution, etc. | 1964 |
| 300 ## - PHYSICAL DESCRIPTION | |
| Extent | 131 páginas ; |
| Dimensions | 19 cm. |
| 490 0# - SERIES STATEMENT | |
| Series statement | Latinoamericana ; |
| Volume/sequential designation | 5 |
| 504 ## - BIBLIOGRAPHY, ETC. NOTE | |
| Bibliography, etc. note | Bibliografía: páginas 129-131 |
| 505 0# - FORMATTED CONTENTS NOTE | |
| Formatted contents note | La organización sociopolítica en la época de la Conquista -- Relaciones feudatarias entre caciques -- Derechos y funciones del cacique -- Herencia del cacicazgo -- Pueblos -- Sinonimia de parte , parcialidad, capitanía |
| 650 14 - SUBJECT ADDED ENTRY--TOPICAL TERM | |
| Topical term or geographic name entry element | Chibchas (Familia indígena) |
| General subdivision | Vida social y costumbres |
| 9 (RLIN) | 11456 |
| 650 14 - SUBJECT ADDED ENTRY--TOPICAL TERM | |
| Topical term or geographic name entry element | Chibchas (Familia indígena) |
| General subdivision | Condiciones sociales |
| 9 (RLIN) | 11457 |
| 942 ## - ADDED ENTRY ELEMENTS (KOHA) | |
| Source of classification or shelving scheme | Dewey Decimal Classification |
| Koha item type | Books |
| Withdrawn status | Lost status | Source of classification or shelving scheme | Damaged status | Not for loan | Collection code | Home library | Current library | Date acquired | Source of acquisition | Total Checkouts | Full call number | Barcode | Date last seen | Date last checked out | Copy number | Koha item type |
|---|---|---|---|---|---|---|---|---|---|---|---|---|---|---|---|---|
| Dewey Decimal Classification | Non-fiction | Biblioteca Pública José María del Castillo y Rada | Biblioteca Pública José María del Castillo y Rada | 04/12/2018 | Donación | 6 | 986.01 / B863c | 201811422 | 11/18/2025 | 11/18/2025 | Ej.1 | Books |